000 00572nam a2200193Ia 4500
008 191130s1993##################000#0#eng##
020 _a9780521484879
040 _aACL
_cACL
082 _a759.9493 SEI
100 _aSeidel, Linda
245 _aJan van Eyck's Arnolfini portrait : stories of an icon
_cLinda Seidel
260 _aCambridge
_bCambridge University Press
_c1993
300 _axv, 308 p. : ill. ; 25 cm
500 _aIncludes Index
650 _aArnolfini portrait
990 _a14430f43ac10000c0c0b5797112caae8
991 _a427095
999 _c222612
_d222612